و هكذا تم الأمر : (رقم التسجيلة. 4524)

تفاصيل مارك
000 -LEADER
fixed length control field 00507nam a22001817a 4500
005 - DATE AND TIME OF LATEST TRANSACTION
control field 20251108164132.0
008 - FIXED-LENGTH DATA ELEMENTS--GENERAL INFORMATION
fixed length control field 250721s1994 xx 000 0 ara d
082 14 - DEWEY DECIMAL CLASSIFICATION NUMBER
Classification number 341.256505964/صور
100 1# - MAIN ENTRY--PERSONAL NAME
Personal name الصوراني، منذر إبراهيم
245 10 - TITLE STATEMENT
Title و هكذا تم الأمر :
Remainder of title الحسين /
264 1# - PRODUCTION, PUBLICATION, DISTRIBUTION, MANUFACTURE, AND COPYRIGHT NOTICE
Place of production, publication, distribution, manufacture عمان :
Name of producer, publisher, distributor, manufacturer صوت الشعب،
Date of production, publication, distribution, manufacture, or copyright notice 1994.
300 ## - PHYSICAL DESCRIPTION
Extent 289ص
650 17 - SUBJECT ADDED ENTRY--TOPICAL TERM
Topical term or geographic name as entry element الأردن
650 17 - SUBJECT ADDED ENTRY--TOPICAL TERM
Topical term or geographic name as entry element إسرائيل
650 17 - SUBJECT ADDED ENTRY--TOPICAL TERM
Topical term or geographic name as entry element السلام
942 ## - ADDED ENTRY ELEMENTS (KOHA)
Source of classification or shelving scheme Dewey Decimal Classification
Koha item type كتب
المقتنيات
حالة السحب حالة الفقدان مصدر التصنيف حالة التلف غير قابل للإعارة المكتبة الرئيسية المكتبة الحالية موقع الرف تاريخ التزويد الرقم المتسلسل Total Checkouts رقم الإستدعاء تاريخ آخر ظهور تاريخ الفاتورة نوع المادة (كوها) الباركود
    Dewey Decimal Classification Unchecked   مكتبة أبو علندا العامة مكتبة أبو علندا العامة الإعارة 06/07/2004 2033   341.256505964/صور 28/07/2025 06/07/2004 كتب  
    Dewey Decimal Classification     مكتبة الأميرة ايمان العامة مكتبة الأميرة ايمان العامة الإعارة 05/11/2013 [1924]   341.256505964/صور 28/07/2025 05/11/2013 كتب PLD00284965
    Dewey Decimal Classification Unchecked   مكتبة الاميرة بديعة مكتبة الاميرة بديعة الإعارة 06/07/2004 4303   341.256505964/صور 28/07/2025 06/07/2004 كتب  
    Dewey Decimal Classification Unchecked   مكتبة الجويدة مكتبة الجويدة الإعارة 06/07/2004 3961   341.256505964/صور 28/07/2025 06/07/2004 كتب  
    Dewey Decimal Classification     مكتبة النصر العامة مكتبة النصر العامة الإعارة 18/12/2014 [6274   341.256505964/صور 28/07/2025 18/12/2014 كتب PLD00312838
    Dewey Decimal Classification   Not For Loan مكتبة تاريخ الأردن مكتبة تاريخ الأردن لا يعار 11/11/2014 1585864   341.256505964/صور 28/07/2025 11/11/2014 كتب PLD00310105
    Dewey Decimal Classification   Not For Loan مكتبة تاريخ الأردن مكتبة تاريخ الأردن لا يعار 20/09/2015 1605326   341.256505964/صور 28/07/2025 20/09/2015 كتب PLD00349027
    Dewey Decimal Classification     مكتبة صويلح العامة مكتبة صويلح العامة الإعارة 21/04/2019 {8901}   341.256505964/صور 28/07/2025 21/04/2019 كتب PLD00451030
    Dewey Decimal Classification     مكتبة وادي السير العامة مكتبة وادي السير العامة الإعارة 05/04/2016 [4705].....   341.256505964/صور 28/07/2025 05/04/2016 كتب PLD00384656
Implemented & Customized by: BBB with SCIT (Smart Chains for Information Technology)

Powered by Koha